| 000 | 01317nam0a22002411 4500 | ||
|---|---|---|---|
| 001 | rc\3187740 | ||
| 005 | 20250530092702.0 | ||
| 035 | _a(NLR Aleph) 007337906 | ||
| 090 |
_a6078152 _c6078152 |
||
| 100 | _a20120628d1975 |||y0rusy50 ca | ||
| 101 | 0 | _arus | |
| 102 | _aRU | ||
| 105 | _ay z ||||| | ||
| 200 | 1 |
_aТезисы докладов _fМ-во здрав. СССР. ЦНИИ травматологии и ортопедии им. Н.Н. Приорова. Всесоюз. науч.-практ. конф. по вопросам организации мед., санаторно-курортной помощи и лекарств обеспечения инвалидов Отеч. войны. Минск. 25-27 июня 1975 г. |
|
| 210 |
_a[Москва] _cБ. и. _d1975 |
||
| 215 |
_a278 с. _d20 |
||
| 333 | _aДСП. Экз. № 000004 | ||
| 710 | 1 | 2 | _aВсесоюзная научно-практическая конференция по вопросам организации медицинской, санаторно-курортной помощи и лекарственного обеспечения инвалидов Отечественной войны (1975; Минск) |
| 801 | 0 |
_aRU _bNLR _gpsbo |
|
| 801 | 1 |
_aRU _bELAR _2rusmarc |
|
| 852 |
_aNLR _j75-50К/3560 |
||
| 942 | _cBOOK | ||
| 980 | _aNB | ||